000 04698nam a22004215i 4500
005 20230718140434.0
006 m|||||o||d||||||||
007 cr || ||||||||
008 210202t20162015pl fo d z eng d
019 _a(OCoLC)980291756
020 _a9783110450576
040 _aDE-B1597
_beng
_cDE-B1597
_erda
041 0 _aeng
100 1 _aYoos, George E.,
_eauthor.
_4aut
_4http://id.loc.gov/vocabulary/relators/aut
245 1 0 _aSimplifying Complexity :
_bRhetoric and the Social Politics of Dealing with Ignorance /
_cGeorge E. Yoos.
264 1 _aWarsaw ;
_aBerlin :
_bDe Gruyter Open Poland,
_c[2016]
264 4 _c©2015
300 _a1 online resource (178 p.)
336 _atext
_btxt
_2rdacontent
337 _acomputer
_bc
_2rdamedia
338 _aonline resource
_bcr
_2rdacarrier
347 _atext file
_bPDF
_2rda
505 0 0 _tFrontmatter --
_tContents --
_tA Preface on Aims --
_t1 Rhetorical limitations in the use of frames and perspectives --
_t2 Aging and complexity --
_t3 The human animal and its ascendance from ignorance --
_t4 The work of Herbert Simon on Artificial Intelligence --
_t5 Circular thinking and linear exposition Circling around a point to discover the point --
_t6 Modern and postmodern thinking: rational and interpretive thinking --
_t7 Use of different types of graphic display to interpret meaning --
_t8 Stasis, observation, and facts --
_t9 The apparent realism of naïve realism How really naïve is naïve realism? --
_t10 Various types of modeling used for finding correlations, designing structures, discovering contrasts, and making comparisons --
_t11 A sense of place as fundamental to our thinking about models about equilibriums --
_t12 Fenced-off and fenced-in equilibriums: Outside and inside boundaries and fences --
_t13 The rhetoric and politics of standardization: Measurements and needs for precision --
_t14 Simple-minded simplicity of simples --
_t15 Rhetorical Unity in Narrative and Exposition --
_t16 Boolean algebra, Tűring machines, and the Sheffer stroke function --
_tAppendix --
_tBibliography --
_tList of Figures --
_tList of Tables --
_tIndex
506 0 _funrestricted online access
_2star
520 _aSimplifying complexity explores how to eliminate ignorance, which in the view of the author, is the purpose of the sciences and technologies and their consequent developments. More specifically, the book deals with the plurality of the sciences and technologies. It is about the way in which each of them develops around the prosthetics of printed languages and the models used as visual aids to help us create new modes of communication to understand and solve human problems. Consequently, the task is to simplify the complexity that we find in different sciences, both social and physical. In his collection of essays, George E. Yoos surveys a number of different models that have evolved from the innate, biological forms of grammar, logic, and modes of orientation. He investigates the evolution of socially constructed systems of numeracy and measurement that have evolved and developed in different languages for the use in scientific and technological communication. He identifies methods derived from three distinct personal experiences: the use of types of prosthetic, mnemonic, and attention controlling devices, in order to yield simpler perspectives of complex states of affairs. George E. Yoos, emeritus professor, is a legend in the field of rhetoric. Founder and editor of the Rhetoric Society Quarterly [1972-1985], author of Reframing Rhetoric [2007], Politics and Rhetoric [2009], and fellow of the Rhetoric Society of America.
538 _aMode of access: Internet via World Wide Web.
540 _aThis eBook is made available Open Access. Unless otherwise specified individually in the content, the work is licensed under the Creative Commons Attribution-NonCommercial-NoDerivatives (CC BY-NC-ND) license:
_uhttps://creativecommons.org/licenses/by-nc-nd/3.0
_uhttps://www.degruyter.com/dg/page/open-access-policy
546 _aIn English.
588 0 _aDescription based on online resource; title from PDF title page (publisher's Web site, viewed 02. Feb 2021)
650 7 _aPHILOSOPHY / Language.
_2bisacsh
653 _arhetoric, sciences and technologies, knowledge, ignorance, frames, models.
776 0 _cEPUB
_z9783110450613
776 0 _cprint
_z9783110450569
856 4 0 _uhttps://doi.org/10.1515/9783110450576
_zOpen Access
_70
856 4 0 _uhttps://www.degruyter.com/isbn/9783110450576
_zOpen Access
_70
856 4 2 _3Cover
_uhttps://www.degruyter.com/cover/covers/9783110450576.jpg
942 _cE-BOOK
999 _c71595
_d71594